О множестве значений одного комплекснозначного функционала; Сибирский математический журнал; Т. 56, № 5
| Parent link: | Сибирский математический журнал: научный журнал/ Российская академия наук (РАН), Сибирское отделение (СО), Институт математики им. С. Л. Соболева (ИМ).— , 1960- Т. 56, № 5.— 2015.— [С. 1154-1162] |
|---|---|
| Hlavní autor: | |
| Korporativní autor: | |
| Další autoři: | |
| Shrnutí: | Заглавие с экрана Решается задача о нахождении множества значений одного функционала, заданного на классе пар нормированных однолистных функций. С помощью метода внутренних вариаций получена система функционально-дифференциальных уравнений для граничных функций, разрешенных в квадратурах. Установлено, что множеством значений функционала является круг с центром в начале и радиусом, зависящим от параметров функционала. |
| Jazyk: | ruština |
| Vydáno: |
2015
|
| Témata: | |
| On-line přístup: | http://a-server.math.nsc.ru/publishing/smz/archive.php?annot=2632 |
| Médium: | MixedMaterials Elektronický zdroj Kapitola |
| KOHA link: | https://koha.lib.tpu.ru/cgi-bin/koha/opac-detail.pl?biblionumber=643817 |
MARC
| LEADER | 00000nla0a2200000 4500 | ||
|---|---|---|---|
| 001 | 643817 | ||
| 005 | 20250228132207.0 | ||
| 035 | |a (RuTPU)RU\TPU\network\8815 | ||
| 090 | |a 643817 | ||
| 100 | |a 20151002d2015 k||y0rusy50 ca | ||
| 101 | 0 | |a rus | |
| 135 | |a drnn ---uucaa | ||
| 181 | 0 | |a i | |
| 182 | 0 | |a b | |
| 200 | 1 | |a О множестве значений одного комплекснозначного функционала |f В. А. Пчелинцев, Е. А. Пчелинцев | |
| 203 | |a Текст |c электронный | ||
| 300 | |a Заглавие с экрана | ||
| 330 | |a Решается задача о нахождении множества значений одного функционала, заданного на классе пар нормированных однолистных функций. С помощью метода внутренних вариаций получена система функционально-дифференциальных уравнений для граничных функций, разрешенных в квадратурах. Установлено, что множеством значений функционала является круг с центром в начале и радиусом, зависящим от параметров функционала. | ||
| 461 | |t Сибирский математический журнал |o научный журнал |f Российская академия наук (РАН), Сибирское отделение (СО), Институт математики им. С. Л. Соболева (ИМ) |d 1960- | ||
| 463 | |t Т. 56, № 5 |v [С. 1154-1162] |d 2015 | ||
| 610 | 1 | |a электронный ресурс | |
| 610 | 1 | |a труды учёных ТПУ | |
| 700 | 1 | |a Пчелинцев |b В. А. |c математик |c ассистент Томского политехнического университета, кандидат физико-математических наук |f 1988- |g Валерий Анатольевич |3 (RuTPU)RU\TPU\pers\33890 | |
| 701 | 1 | |a Пчелинцев |b Е. А. |g Евгений Анатольевич | |
| 712 | 0 | 2 | |a Национальный исследовательский Томский политехнический университет (ТПУ) |b Физико-технический институт (ФТИ) |b Кафедра высшей математики и математической физики (ВММФ) |3 (RuTPU)RU\TPU\col\18727 |
| 801 | 2 | |a RU |b 63413507 |c 20151002 |g RCR | |
| 856 | 4 | |u http://a-server.math.nsc.ru/publishing/smz/archive.php?annot=2632 | |
| 942 | |c CF | ||